| 000 | 01503nam0a2200337 4500 | ||
|---|---|---|---|
| 001 | RU\NLR\BIBL_A\022643743 | ||
| 005 | 20260130130108.0 | ||
| 010 |
_a978-5-907804-45-6 _9500 |
||
| 021 |
_aRU _bКН-П-25-051834 _9КН-П-25-5011 |
||
| 035 | _a(NLR Aleph) 022643743 | ||
| 090 |
_a13538906 _c13538906 |
||
| 100 | _a20251014d2025 k y0rusy50 ca | ||
| 101 | 0 | _arus | |
| 102 | _aRU | ||
| 105 | _ay z 000yb | ||
| 181 | 0 |
_ai4 _baxxe |
|
| 182 | 0 | _an | |
| 200 | 1 |
_aА. С. Макаренко: педагогика завтрашней радости _eмонография _fЮ. В. Андреева |
|
| 203 |
_aТекст _bвизуальный _cнепосредственный |
||
| 210 |
_aСанкт-Петербург _cНаукоемкие технологии _d2025 |
||
| 215 |
_a117 с. _d21 |
||
| 320 | _aБиблиогр.: с. 112-117 (74 назв.) | ||
| 333 | _a12+ | ||
| 600 | 1 |
_aМакаренко _bА. С. _f1888 - 1939 _gАнтон Семенович _xПедагогические взгляды _91510525 _3RU\NLR\AUTH\66655661 |
|
| 686 | 1 | _aЧ33(2)7-213Макаренко | |
| 700 | 1 |
_7ca _8rus _aАндреева _bЮ. В. _cканд. пед. наук, педагогика оптимизма _f1975- _gЮлия Владимировна _918118 _3RU\NLR\AUTH\7735119 |
|
| 702 | 1 |
_4280 _7ca _8rus _aМакаренко _bА. С. _f1888-1939 _gАнтон Семенович _912740 _3RU\NLR\AUTH\7729712 |
|
| 942 | _cBOOK | ||
| 980 | _aNB | ||